Tenants of the house: a fictional account of the Nigerian parliament
Saved in:
| Main Author: | |
|---|---|
| Format: | Book |
| Language: | English |
| Published: |
Nelson Publishers
2009
|
| Tags: |
Add Tag
No Tags, Be the first to tag this record!
|
MARC
| LEADER | 00000nam a22000007a 4500 | ||
|---|---|---|---|
| 008 | 210531b ||||| |||| 00| 0 eng d | ||
| 020 | |a 978-978-8412-21-2 | ||
| 100 | |a OKEDIRAN, Wale | ||
| 245 | |a Tenants of the house: |b a fictional account of the Nigerian parliament |c /Wale Okediran |g vi, 306p | ||
| 260 | |b Nelson Publishers |c 2009 |h Ibadan, Nigera |i 685333 |i 685334, |i 685336 |l PR9387.9 .Ok2 |m English Literature – fiction. | ||
| 942 | |a lcc |c BK |e Adekanye, I.H. |f 31/05/2021 | ||
| 952 | |0 0 |1 0 |2 lcc |4 0 |6 PR93879 O K2 |7 0 |9 2523 |a HOL |b ART |c LP |d 2021-05-31 |l 0 |o PR9387.9 .Ok2 |p 2021-6375 |r 2021-05-31 00:00:00 |w 2021-05-31 |y BK | ||
| 952 | |0 0 |1 0 |2 lcc |4 0 |6 PR93879 O K2 |7 0 |9 2524 |a HOL |b HOL |c LP |d 2021-05-31 |l 0 |o PR9387.9 .Ok2 |p 2021-6376 |r 2021-05-31 00:00:00 |w 2021-05-31 |y BK | ||
| 952 | |0 0 |1 0 |2 lcc |4 0 |6 PR93879 O K2 |7 0 |9 2525 |a HOL |b HOL |c LP |d 2021-05-31 |l 0 |o PR9387.9 .Ok2 |p 2021-6377 |r 2021-05-31 00:00:00 |w 2021-05-31 |y BK | ||
| 999 | |c 1313 |d 1313 | ||